ARRUPE JESUIT UNIVERSITY

CORONAVIRUS -STOP THE SPREAD - CLEAN,DISINFECT,COVER

The Save study : (Record no. 124429)

MARC details
000 -LEADER
fixed length control field 01237mam a2200349 a 4500
001 - CONTROL NUMBER
control field 906085
003 - CONTROL NUMBER IDENTIFIER
control field ARRUPE
005 - DATE AND TIME OF LATEST TRANSACTION
control field 20160323112731.0
008 - FIXED-LENGTH DATA ELEMENTS--GENERAL INFORMATION
fixed length control field 891019s1989 rh a b 000 0 eng d
020 ## - INTERNATIONAL STANDARD BOOK NUMBER
International Standard Book Number 090830708X
035 ## - SYSTEM CONTROL NUMBER
System control number (OCoLC)28892220
035 ## - SYSTEM CONTROL NUMBER
System control number (OCoLC)ocm28892220
035 ## - SYSTEM CONTROL NUMBER
System control number (CStRLIN)NYCG89-B69607
035 ## - SYSTEM CONTROL NUMBER
System control number (NNC)906085
040 ## - CATALOGING SOURCE
Original cataloging agency EEM
Transcribing agency EEM
Modifying agency AGL
043 ## - GEOGRAPHIC AREA CODE
Geographic area code f-rh---
050 ## - LIBRARY OF CONGRESS CALL NUMBER
Classification number HC910.S20 1909
300 ## - PHYSICAL DESCRIPTION
Other physical details ill. ;
Dimensions 22 cm.
245 04 - TITLE STATEMENT
Title The Save study :
Remainder of title relationships between the environment and basic needs satisfaction in the Save catchment, Zimbabwe /
Statement of responsibility, etc edited by B.M. Campbell, R.F. Du Toit and C.A.M. Attwell.
260 ## - PUBLICATION, DISTRIBUTION, ETC. (IMPRINT)
Place of publication, distribution, etc Harare :
Name of publisher, distributor, etc Universtity of Zimbabwe,
Date of publication, distribution, etc 1989.
300 ## - PHYSICAL DESCRIPTION
Extent 119 p.;
500 ## - GENERAL NOTE
General note Supplement to Zambezia, 1988.
504 ## - BIBLIOGRAPHY, ETC. NOTE
Bibliography, etc Includes bibliographical references (p. 111-119).
650 #0 - SUBJECT ADDED ENTRY--TOPICAL TERM
Topical term or geographic name as entry element Environmental degradation
Geographic subdivision Zimbabwe
9 (RLIN) 23166
650 #0 - SUBJECT ADDED ENTRY--TOPICAL TERM
Topical term or geographic name as entry element Basic needs
Geographic subdivision Zimbabwe
9 (RLIN) 23167
651 #0 - SUBJECT ADDED ENTRY--GEOGRAPHIC NAME
Geographic name Zimbabwe
General subdivision Economic conditions.
Chronological subdivision 1980-
9 (RLIN) 15169
700 1# - ADDED ENTRY--PERSONAL NAME
Personal name Cambpell, B. M.
Fuller form of name (Bruce M.)
9 (RLIN) 23168
Relator term ed.
700 1# - ADDED ENTRY--PERSONAL NAME
Personal name Du Toit, R. F.
9 (RLIN) 23169
Relator term ed.
700 1# - ADDED ENTRY--PERSONAL NAME
Personal name Attwell, C. A. M.
9 (RLIN) 23170
Relator term ed.
730 0# - ADDED ENTRY--UNIFORM TITLE
Uniform title Supplement to Zambezia.
9 (RLIN) 23171
942 ## - ADDED ENTRY ELEMENTS (KOHA)
Source of classification or shelving scheme Library of Congress Classification
Koha item type Monograph ( Printed materials)
Holdings
Withdrawn status Lost status Source of classification or shelving scheme Damaged status Not for loan Collection code Home library Current library Shelving location Date acquired Total Checkouts Full call number Barcode Date last seen Price effective from Koha item type
    Library of Congress Classification     Main Collection ARRUPE LIBRARY ARRUPE LIBRARY Main Collection 22/03/2016   HC910.S20 1909 46500007154 23/04/2018 22/03/2016 Monograph ( Printed materials)

 

Arrupe Library. PO Box MP320 Mt Pleasant, Harare, Zimbabwe
263 242 745411|librarian@aju.ac.zw